00524nam a2200145 a 450000500170000000800410001702000180005805000240007624500490010026000510014930000250020065000320022599900190025795201020027620140412111238.0001118s19uu xx 00 eng d a0-03-005268-8 aM 780.7bHo642 1988 aHolt music /cEunice Boardman Meske, et. al. aNew York :bHolt, Rinehart and Winston,c1988. a176 p. ; col. ; ill. aMusic -- study and teaching c102559d102559 001040aELbELcMd2000-11-18l0oM 780.7 Ho642 1988pE2045r2014-04-12 00:00:00w2014-04-12yBK